Normal view
MARC view
Entry Personal Name
001 - CONTROL NUMBER
- control field: 28624
003 - CONTROL NUMBER IDENTIFIER
- control field: dpl
005 - DATE AND TIME OF LATEST TRANSACTION
- control field: 20110615170215.0
008 - FIXED-LENGTH DATA ELEMENTS
- fixed length control field: 110615|||a|||||| | ||| d
040 ## - CATALOGING SOURCE
- Original cataloging agency: dpl
- Transcribing agency: dpl
100 ## - HEADING--PERSONAL NAME
- Personal name: पाडळकर,विजय
670 ## - SOURCE DATA FOUND
- Source citation: Work cat.: (dpl): गुलजार 28602, एक स्वप्न पुन्हा पुन्हा /, 2011
670 ## - SOURCE DATA FOUND
- Source citation: Work cat.: (dpl): गुलजार 28602, एक स्वप्न पुन्हा पुन्हा /, 2011
